Plus grandes villes des pays commençant par F - Statistiques

Statistiques générales
  • Ce quiz a été pris 83 fois
  • Le résultat moyen est 15 sur 20
Statistiques - réponses
Nombre d'habitants Ville % Correct
12 700 000 habitants Paris
100%
2 350 000 habitants Lyon
97%
1 800 000 habitants Marseille
97%
1 020 000 habitants Nice
93%
1 260 000 habitants Bordeaux
92%
805 000 habitants Strasbourg
92%
1 400 000 habitants Toulouse
92%
2 300 000 habitants Lille
90%
980 000 habitants Nantes
90%
1 550 000 habitants Helsinki
89%
740 000 habitants Rennes
86%
620 000 habitants Montpellier
85%
700 000 habitants Grenoble
75%
630 000 habitants Toulon
65%
530 000 habitants Saint-Étienne
61%
500 000 habitants Clermont-Ferrand
60%
680 000 habitants Rouen
51%
510 000 habitants Tours
46%
540 000 habitants Avignon
22%
550 000 habitants Douai
18%
Aucun quiz correspondant
Distribution des résultats
% des personnes avec chaque résultat
Percentile par nombre de réponses
Votre historique - résultats
Vous n’avez pas pris ce quiz